Морфология дыхательного аппарата домашних животных (Запись № 13687345)
[ простой вид ]
| 000 -МАРКЕР | |
|---|---|
| контрольное поле | 02554nam0a2200349 4500 |
| 001 - ИДЕНТИФИКАТОР ЗАПИСИ | |
| контрольное поле | RU\NLR\BIBL_A\022692519 |
| 005 - ИДЕНТИФИКАТОР ВЕРСИИ | |
| контрольное поле | 20260420061754.0 |
| 010 ## - МЕЖДУНАРОДНЫЙ СТАНДАРТНЫЙ НОМЕР КНИГИ (ISBN) | |
| Номер (ISBN) | 978-5-209-12594-5 |
| Тираж | 300 |
| 021 ## - НОМЕР ГОСУДАРСТВЕННОЙ РЕГИСТРАЦИИ | |
| Код страны | Российская Федерация |
| Номер | КН-П-25-067189 |
| Номер Листа государственной регистраци | КН-П-25-6491 |
| 035 ## - ДРУГИЕ СИСТЕМНЫЕ НОМЕРА | |
| Идентификатор записи | (NLR Aleph) 022692519 |
| 100 ## - ДАННЫЕ ОБЩЕЙ ОБРАБОТКИ | |
| Данные общей обработки | 20251219d2025 u y0rusy50 ca |
| 101 0# - ЯЗЫК РЕСУРСА | |
| Язык текста, звукозаписи и т.д. | русский |
| 102 ## - СТРАНА ПУБЛИКАЦИИ ИЛИ ПРОИЗВОДСТВА | |
| Страна публикации | Российская Федерация |
| 105 ## - ПОЛЕ КОДИРОВАННЫХ ДАННЫХ: ТЕКСТОВЫЕ МАТЕРИАЛЫ, МОНОГРАФИЧЕСКИЕ | |
| Кодированные данные о монографическом текстовом документе | a|||j|||000yy |
| 181 #0 - ПОЛЕ КОДИРОВАННЫХ ДАННЫХ: ВИД СОДЕРЖАНИЯ | |
| Код вида содержания (ISBD) | i3 |
| Код характеристики содержания (ISBD) | axxe |
| 182 #0 - ПОЛЕ КОДИРОВАННЫХ ДАННЫХ: ТИП СРЕДСТВА | |
| Код типа средства (ISBD) | n - непосредственное |
| 200 1# - ЗАГЛАВИЕ И СВЕДЕНИЯ ОБ ОТВЕТСТВЕННОСТИ | |
| Основное заглавие | Морфология дыхательного аппарата домашних животных |
| Сведения, относящиеся к заглавию | учебное пособие |
| -- | для студетов по направлению подготовки 36.00.00 "Ветеринария и зоотехния" в учебных организациях, реализующих программы высшего образования по специальности 36.05.01 "Ветеринария" и направлению подготовки 36.04.01 "Ветеринарно-санитарная экспертиза" |
| Первые сведения об ответственности | С. Б. Селезнев, Г. А. Ветошкина, Е. В. Куликов |
| 203 ## - ВИД СОДЕРЖАНИЯ И ТИП СРЕДСТВА | |
| Вид содержания | Текст |
| Дополнительные сведения об издании | визуальный |
| Тип средства | непосредственный |
| 210 ## - ПУБЛИКАЦИЯ, РАСПРОСТРАНЕНИЕ И ДР. | |
| Место издания, распространения и т.д. | Москва |
| Имя издателя, распространителя и т. д. | Российский университет дружбы народов им. Патриса Лумумбы |
| Дата издания, распространения и т.д. | 2025 |
| 215 ## - ФИЗИЧЕСКАЯ ХАРАКТЕРИСТИКА | |
| Специфическое обозначение материала и объем | 75, [3] с. |
| Другие сведения о физической характеристике | ил., цв. ил. |
| Размеры | 24 |
| 300 ## - ОБЩИЕ ПРИМЕЧАНИЯ | |
| Текст примечания | На 4-й с. обл. авт.: Седезнев С. Б., д-р вет. наук, проф., действ. чл. Междунар. акад. аграр. образования, Ветошкина Г. А., канд. биол. наук, доц., Куликов Е. В., канд. биол. наук, доц. |
| 320 ## - ПРИМЕЧАНИЯ О НАЛИЧИИ В ДОКУМЕНТЕ БИБЛИОГРАФИИ / УКАЗАТЕЛЯ | |
| Текст примечания | Библиогр. в конце кн. (9 назв.) |
| 606 1# - НАИМЕНОВАНИЕ ТЕМЫ КАК ПРЕДМЕТ | |
| Наименование темы | Дыхательная система домашних животных |
| Формальный подзаголовок | Учебные издания для высших учебных заведений |
| Тематический подзаголовок | Морфология |
| Системный номер авторитетной/нормативной записи | 2698320 |
| Идентификатор авторитетной/нормативной записи | RU\NLR\AUTH\6601766755 |
| 686 1# - ИНДЕКСЫ ДРУГИХ КЛАССИФИКАЦИЙ | |
| Индекс | П526.6я73 |
| 700 #1 - ИМЯ ЛИЦА - ПЕРВИЧНАЯ ОТВЕТСТВЕННОСТЬ | |
| Графика поля | Кириллица |
| Материалы, к которым относится поле | rus |
| Начальный элемент ввода | Селезнев |
| Часть имени, кроме начального элемента ввода | С. Б. |
| Дополнения к именам, кроме дат | д-р ветеринар. наук |
| Расширение инициалов личного имени | Сергей Борисович |
| Системный номер авторитетной/нормативной записи | 126321 |
| Идентификатор авторитетной/нормативной записи | RU\NLR\AUTH\7716686 |
| 701 #1 - ИМЯ ЛИЦА - АЛЬТЕРНАТИВНАЯ ОТВЕТСТВЕННОСТЬ | |
| Начальный элемент ввода | Ветошкина |
| Часть имени, кроме начального элемента ввода | Г. А. |
| Расширение инициалов личного имени | Галина Аркадьевна |
| 701 #1 - ИМЯ ЛИЦА - АЛЬТЕРНАТИВНАЯ ОТВЕТСТВЕННОСТЬ | |
| Графика поля | Кириллица |
| Материалы, к которым относится поле | rus |
| Начальный элемент ввода | Куликов |
| Часть имени, кроме начального элемента ввода | Е. В. |
| Дополнения к именам, кроме дат | канд. биол. наук |
| Даты | 1978- |
| Расширение инициалов личного имени | Евгений Владимирович |
| Системный номер авторитетной/нормативной записи | 170507 |
| Идентификатор авторитетной/нормативной записи | RU\NLR\AUTH\770170557 |
| 942 ## - ДОПОЛНИТЕЛЬНЫЕ ЭЛЕМЕНТЫ ЗАПИСИ (АБИС) | |
| Тип экземпляра АБИС | Книга |
| 980 ## - КОЛЛЕКЦИЯ | |
| Название коллекции | Национальная библиография |
Нет доступных экземпляров.